Statistics for Countries that use Crown as a Currency

Click here to take the quiz!

General Stats

  • This quiz has been taken 121 times
    (71 since last reset)
  • The average score is 8 of 10

Answer Stats

CrownCountry% Correct
KroneDenmark
100%
KroneNorway
99%
KronaSweden
99%
KrónaIceland
90%
KorunaCzech Republic
85%
Koruna (2008)Slovakia
78%
Kroon (2011)Estonia
73%
Krone (1925)Austria
54%
Krona (1926)Hungary
51%
Krone (1920)Liechtenstein
33%

Score Distribution

Percentile by Number Answered

Percent of People with Each Score

Your Score History

You have not taken this quiz since the last reset